Peristiwa paling dahsyat

Bibliographic Details
Main Author: W.S.Uzala
Format: Book
Published: Kuala Lumpur : Pustaka Bakti Wira , 1995
Series:Kisah-kisah tragedi menakutkan
Subjects:

MARC

LEADER 00000cam a2200000 7i4500
001 0000009629
002 000010492
005 20000330.0
020 |a 9838270415 
090 0 0 |a JF   |b WSU 
100 1 |a W.S.Uzala 
245 1 0 |a Peristiwa paling dahsyat   |c W.S.Uzala 
260 |a Kuala Lumpur :   |b Pustaka Bakti Wira ,   |c 1995 
300 |a 47p. :   |b ill. ;   |c 17cm. 
490 0 |a Kisah-kisah tragedi menakutkan 
650 0 0 |a Children's stories, Malay 
999 |a 040637   |b BUKU   |c PINJAMAN   |e PERPUSTAKAAN KOMUNITI PETALING JAYA